[Event "Pobeskydi 2026"]
[Site "Frydek-Mistek, Czech Republic"]
[Date "2026.04.05"]
[Round "8.3"]
[White "Szumiec, Jan"]
[Black "Lichorad, Mateusz"]
[Result "0-1"]
[TimeControl "90 min+30s/move"]
[WhiteTitle "-"]
[BlackTitle "-"]
[WhiteFideId "41815661"]
[BlackFideId "21817693"]
[WhiteElo "1826"]
[BlackElo "2039"]

1. e4 {[%clk 01:30:58]} {[%emt 00:00:03]} c5 {[%clk 01:30:56]} {[%emt
00:00:02]} 2. Nf3 {[%clk 01:31:22]} {[%emt 00:00:07]} d6 {[%clk 01:31:22]}
{[%emt 00:00:05]} 3. d4 {[%clk 01:31:44]} {[%emt 00:00:08]} cxd4 {[%clk
01:31:46]} {[%emt 00:00:06]} 4. Nxd4 {[%clk 01:32:08]} {[%emt 00:00:05]} Nf6
{[%clk 01:32:10]} {[%emt 00:00:06]} 5. Nc3 {[%clk 01:32:31]} {[%emt 00:00:05]}
a6 {[%clk 01:32:37]} {[%emt 00:00:05]} 6. f4 {[%clk 01:32:29]} {[%emt
00:00:32]} e6 {[%clk 01:30:02]} {[%emt 00:03:05]} 7. Qf3 {[%clk 01:32:54]}
{[%emt 00:00:05]} Qc7 {[%clk 01:29:16]} {[%emt 00:01:16]} 8. Be2 {[%clk
01:25:43]} {[%emt 00:07:40]} b5 {[%clk 01:23:57]} {[%emt 00:05:50]} 9. a3
{[%clk 01:16:45]} {[%emt 00:09:28]} Bb7 {[%clk 01:23:40]} {[%emt 00:00:47]} 10.
Be3 {[%clk 01:16:32]} {[%emt 00:00:43]} Nbd7 {[%clk 01:11:27]} {[%emt
00:12:43]} 11. g4 {[%clk 01:12:43]} {[%emt 00:04:19]} Nc5 {[%clk 01:06:07]}
{[%emt 00:05:50]} 12. Bd3 {[%clk 01:12:17]} {[%emt 00:00:54]} d5 {[%clk
01:04:53]} {[%emt 00:01:46]} 13. e5 {[%clk 01:11:10]} {[%emt 00:01:37]} Nfe4
{[%clk 01:05:01]} {[%emt 00:00:22]} 14. Bxe4 {[%clk 01:08:44]} {[%emt
00:02:55]} Nxe4 {[%clk 01:03:23]} {[%emt 00:02:09]} 15. Nxe4 {[%clk 01:08:36]}
{[%emt 00:00:37]} dxe4 {[%clk 01:03:52]} {[%emt 00:00:02]} 16. Qg3 {[%clk
01:08:14]} {[%emt 00:00:51]} Qc4 {[%clk 00:57:20]} {[%emt 00:07:03]} 17. O-O-O
{[%clk 01:06:50]} {[%emt 00:01:54]} b4 {[%clk 00:55:02]} {[%emt 00:02:48]} 18.
b3 {[%clk 01:06:06]} {[%emt 00:01:13]} Qc3 {[%clk 00:54:46]} {[%emt 00:00:47]}
19. a4 {[%clk 01:06:01]} {[%emt 00:00:35]} Rd8 {[%clk 00:52:37]} {[%emt
00:02:39]} 20. Kb1 {[%clk 01:00:23]} {[%emt 00:06:07]} Bc5 {[%clk 00:52:36]}
{[%emt 00:00:31]} 21. Qg1 {[%clk 01:00:10]} {[%emt 00:00:43]} O-O {[%clk
00:49:17]} {[%emt 00:03:50]} 22. f5 {[%clk 00:59:10]} {[%emt 00:01:31]} Rd5
{[%clk 00:47:00]} {[%emt 00:02:46]} 23. Qf2 {[%clk 00:53:39]} {[%emt 00:06:01]}
Rfd8 {[%clk 00:45:34]} {[%emt 00:01:56]} 24. Rhf1 {[%clk 00:53:35]} {[%emt
00:00:33]} Rxd4 {[%clk 00:34:58]} {[%emt 00:11:07]} 25. Rc1 {[%clk 00:51:31]}
{[%emt 00:02:29]} exf5 {[%clk 00:31:30]} {[%emt 00:04:03]} 26. Qxf5 {[%clk
00:50:42]} {[%emt 00:01:17]} Qxe3 {[%clk 00:30:26]} {[%emt 00:01:36]} 27. Qxf7+
{[%clk 00:50:50]} {[%emt 00:00:21]} Kh8 {[%clk 00:30:54]} {[%emt 00:00:03]} 28.
e6 {[%clk 00:49:35]} {[%emt 00:01:44]} Bd5 {[%clk 00:28:25]} {[%emt 00:03:00]}
29. Qc7 {[%clk 00:49:25]} {[%emt 00:00:40]} Bxe6 {[%clk 00:27:37]} {[%emt
00:01:18]} 30. Qxc5 {[%clk 00:49:41]} {[%emt 00:00:14]} Bg8 {[%clk 00:26:50]}
{[%emt 00:01:17]} 31. Rfd1 {[%clk 00:49:12]} {[%emt 00:00:57]} Qc3 {[%clk
00:27:05]} {[%emt 00:00:17]} 32. Qxc3 {[%clk 00:49:24]} {[%emt 00:00:18]} bxc3
{[%clk 00:27:34]} {[%emt 00:00:01]} 33. Rxd4 {[%clk 00:49:40]} {[%emt
00:00:14]} Rxd4 {[%clk 00:27:57]} {[%emt 00:00:07]} 34. Re1 {[%clk 00:50:06]}
{[%emt 00:00:04]} h6 {[%clk 00:28:17]} {[%emt 00:00:11]} 35. Re3 {[%clk
00:50:31]} {[%emt 00:00:04]} Rd1+ {[%clk 00:27:53]} {[%emt 00:00:54]} 36. Ka2
{[%clk 00:50:56]} {[%emt 00:00:06]} Rd2 {[%clk 00:28:15]} {[%emt 00:00:08]} 37.
Rxc3 {[%clk 00:51:11]} {[%emt 00:00:15]} Rxh2 {[%clk 00:28:44]} {[%emt
00:00:02]} 38. Kb2 {[%clk 00:51:23]} {[%emt 00:00:18]} Rg2 {[%clk 00:27:56]}
{[%emt 00:01:17]} 39. b4 {[%clk 00:51:32]} {[%emt 00:00:21]} Rxg4 {[%clk
00:28:16]} {[%emt 00:00:10]} 40. b5 {[%clk 00:51:53]} {[%emt 00:00:09]} axb5
{[%clk 00:28:29]} {[%emt 00:00:17]} 41. axb5 {[%clk 00:52:07]} {[%emt
00:00:16]} Rg5 {[%clk 00:28:54]} {[%emt 00:00:05]} 0-1

[Event "Pobeskydi 2026"]
[Site "Frydek-Mistek, Czech Republic"]
[Date "2026.04.05"]
[Round "8.4"]
[White "Szczygiel, Filip"]
[Black "Zeman, Daniel Nikolas"]
[Result "1/2-1/2"]
[TimeControl "90 min+30s/move"]
[WhiteTitle "-"]
[BlackTitle "-"]
[WhiteFideId "41897307"]
[BlackFideId "23717130"]
[WhiteElo "1809"]
[BlackElo "1957"]

1. Nf3 {[%clk 01:30:56]} {[%emt 00:00:02]} d5 {[%clk 01:30:34]} {[%emt
00:00:28]} 2. g3 {[%clk 01:31:07]} {[%emt 00:00:17]} c5 {[%clk 01:30:07]}
{[%emt 00:00:57]} 3. Bg2 {[%clk 01:31:27]} {[%emt 00:00:10]} Nc6 {[%clk
01:30:32]} {[%emt 00:00:06]} 4. d4 {[%clk 01:31:46]} {[%emt 00:00:10]} Nf6
{[%clk 01:30:29]} {[%emt 00:00:33]} 5. O-O {[%clk 01:31:53]} {[%emt 00:00:23]}
Bf5 {[%clk 01:29:56]} {[%emt 00:01:03]} 6. c4 {[%clk 01:26:55]} {[%emt
00:05:28]} e6 {[%clk 01:29:22]} {[%emt 00:01:04]} 7. Nc3 {[%clk 01:17:29]}
{[%emt 00:09:55]} Be7 {[%clk 01:24:46]} {[%emt 00:05:07]} 8. Bg5 {[%clk
01:07:27]} {[%emt 00:10:32]} h6 {[%clk 01:17:14]} {[%emt 00:08:02]} 9. Bxf6
{[%clk 01:06:34]} {[%emt 00:01:22]} Bxf6 {[%clk 01:17:40]} {[%emt 00:00:05]} 10.
cxd5 {[%clk 00:59:46]} {[%emt 00:07:18]} exd5 {[%clk 01:18:07]} {[%emt
00:00:03]} 11. Qb3 {[%clk 00:55:40]} {[%emt 00:04:35]} Nxd4 {[%clk 01:13:47]}
{[%emt 00:04:51]} 12. Nxd4 {[%clk 00:55:04]} {[%emt 00:01:06]} cxd4 {[%clk
01:13:22]} {[%emt 00:00:55]} 13. Nxd5 {[%clk 00:55:01]} {[%emt 00:00:33]} O-O
{[%clk 01:13:17]} {[%emt 00:00:35]} 14. Qf3 {[%clk 00:49:09]} {[%emt 00:06:21]}
Be6 {[%clk 01:10:01]} {[%emt 00:03:46]} 15. Nxf6+ {[%clk 00:49:11]} {[%emt
00:00:28]} Qxf6 {[%clk 01:10:27]} {[%emt 00:00:05]} 16. Qxf6 {[%clk 00:49:10]}
{[%emt 00:00:31]} gxf6 {[%clk 01:10:53]} {[%emt 00:00:04]} 17. Rfd1 {[%clk
00:46:24]} {[%emt 00:03:15]} Rac8 {[%clk 01:10:05]} {[%emt 00:01:18]} 18. Rd2
{[%clk 00:43:29]} {[%emt 00:03:26]} Rc7 {[%clk 01:09:32]} {[%emt 00:01:03]} 19.
b3 {[%clk 00:42:53]} {[%emt 00:01:05]} Rfc8 {[%clk 01:09:35]} {[%emt 00:00:28]}
20. f4 {[%clk 00:42:26]} {[%emt 00:00:57]} Rc2 {[%clk 01:07:59]} {[%emt
00:02:05]} 21. Rad1 {[%clk 00:42:14]} {[%emt 00:00:42]} b6 {[%clk 01:05:06]}
{[%emt 00:03:24]} 22. Be4 {[%clk 00:36:37]} {[%emt 00:06:07]} Rxd2 {[%clk
01:02:41]} {[%emt 00:02:55]} 23. Rxd2 {[%clk 00:36:57]} {[%emt 00:00:10]} f5
{[%clk 01:02:57]} {[%emt 00:00:14]} 24. Bf3 {[%clk 00:34:51]} {[%emt 00:02:35]}
a5 {[%clk 01:02:28]} {[%emt 00:01:00]} 25. Kf2 {[%clk 00:29:14]} {[%emt
00:06:07]} b5 {[%clk 00:58:54]} {[%emt 00:04:04]} 26. Rxd4 {[%clk 00:20:16]}
{[%emt 00:09:28]} b4 {[%clk 00:54:20]} {[%emt 00:05:05]} 27. Ke3 {[%clk
00:15:05]} {[%emt 00:05:40]} Rc2 {[%clk 00:53:27]} {[%emt 00:01:23]} 28. Rd2
{[%clk 00:15:17]} {[%emt 00:00:18]} Rc3+ {[%clk 00:53:53]} {[%emt 00:00:04]} 29.
Kd4 {[%clk 00:15:29]} {[%emt 00:00:18]} Kf8 {[%clk 00:53:29]} {[%emt 00:00:55]}
30. Bd5 {[%clk 00:12:27]} {[%emt 00:03:31]} Ke7 {[%clk 00:52:49]} {[%emt
00:01:10]} 31. Bxe6 {[%clk 00:12:41]} {[%emt 00:00:16]} fxe6 {[%clk 00:53:18]}
{[%emt 00:00:02]} 32. e4 {[%clk 00:10:15]} {[%emt 00:02:56]} fxe4 {[%clk
00:48:04]} {[%emt 00:05:44]} 33. Kxe4 {[%clk 00:10:34]} {[%emt 00:00:10]} Rc5
{[%clk 00:48:24]} {[%emt 00:00:10]} 34. g4 {[%clk 00:08:54]} {[%emt 00:02:11]}
Rc1 {[%clk 00:47:26]} {[%emt 00:01:27]} 35. Rg2 {[%clk 00:08:26]} {[%emt
00:00:57]} Re1+ {[%clk 00:46:59]} {[%emt 00:00:58]} 36. Kf3 {[%clk 00:07:29]}
{[%emt 00:01:27]} Kf6 {[%clk 00:39:22]} {[%emt 00:08:07]} 37. h4 {[%clk
00:06:05]} {[%emt 00:01:54]} Rf1+ {[%clk 00:34:35]} {[%emt 00:05:17]} 38. Ke3
{[%clk 00:05:11]} {[%emt 00:01:24]} Rh1 {[%clk 00:26:01]} {[%emt 00:09:04]} 39.
h5 {[%clk 00:04:45]} {[%emt 00:00:55]} Re1+ {[%clk 00:26:05]} {[%emt 00:00:27]}
40. Kd3 {[%clk 00:03:20]} {[%emt 00:01:54]} Rf1 {[%clk 00:24:54]} {[%emt
00:01:42]} 41. g5+ {[%clk 00:03:00]} {[%emt 00:00:51]} Kg7 {[%clk 00:24:56]}
{[%emt 00:00:27]} 42. Ke3 {[%clk 00:02:23]} {[%emt 00:01:07]} Re1+ {[%clk
00:21:36]} {[%emt 00:03:50]} 43. Kf3 {[%clk 00:02:16]} {[%emt 00:00:36]} e5
{[%clk 00:21:15]} {[%emt 00:00:53]} 44. fxe5 {[%clk 00:01:42]} {[%emt
00:01:03]} Rxe5 {[%clk 00:21:02]} {[%emt 00:00:43]} 45. Kf4 {[%clk 00:01:45]}
{[%emt 00:00:26]} Rd5 {[%clk 00:19:55]} {[%emt 00:01:38]} 46. gxh6+ {[%clk
00:01:33]} {[%emt 00:00:43]} Kxh6 {[%clk 00:19:39]} {[%emt 00:00:46]} 47. Rh2
{[%clk 00:01:20]} {[%emt 00:00:42]} Rb5 {[%clk 00:14:46]} {[%emt 00:05:23]} 48.
Ke4 {[%clk 00:01:34]} {[%emt 00:00:15]} Rg5 {[%clk 00:15:12]} {[%emt 00:00:05]}
49. Kd4 {[%clk 00:01:51]} {[%emt 00:00:13]} Kh7 {[%clk 00:12:21]} {[%emt
00:03:22]} 50. Kc4 {[%clk 00:01:46]} {[%emt 00:00:34]} Rf5 {[%clk 00:11:17]}
{[%emt 00:01:34]} 51. Rd2 {[%clk 00:01:26]} {[%emt 00:00:50]} Rf4+ {[%clk
00:11:02]} {[%emt 00:00:45]} 52. Kc5 {[%clk 00:01:09]} {[%emt 00:00:46]} Rf5+
{[%clk 00:11:13]} {[%emt 00:00:20]} 53. Kc4 {[%clk 00:00:54]} {[%emt 00:00:45]}
Kh6 {[%clk 00:10:52]} {[%emt 00:00:50]} 1/2-1/2

[Event "Pobeskydi 2026"]
[Site "Frydek-Mistek, Czech Republic"]
[Date "2026.04.05"]
[Round "8.5"]
[White "Buchtova, Viktorie"]
[Black "Ocelak, David"]
[Result "1-0"]
[TimeControl "90 min+30s/move"]
[WhiteTitle "-"]
[BlackTitle "-"]
[WhiteFideId "23714786"]
[BlackFideId "23728795"]
[WhiteElo "2055"]
[BlackElo "2009"]

1. e4 {[%clk 01:30:58]} {[%emt 00:00:01]} e5 {[%clk 01:30:07]} {[%emt
00:00:53]} 2. Nf3 {[%clk 01:31:23]} {[%emt 00:00:05]} Nf6 {[%clk 01:30:03]}
{[%emt 00:00:34]} 3. Nxe5 {[%clk 01:31:45]} {[%emt 00:00:07]} d6 {[%clk
01:30:26]} {[%emt 00:00:07]} 4. Nf3 {[%clk 01:32:13]} {[%emt 00:00:02]} Nxe4
{[%clk 01:30:45]} {[%emt 00:00:12]} 5. d4 {[%clk 01:32:30]} {[%emt 00:00:12]}
d5 {[%clk 01:30:50]} {[%emt 00:00:25]} 6. Bd3 {[%clk 01:32:46]} {[%emt
00:00:14]} Be7 {[%clk 01:30:42]} {[%emt 00:00:40]} 7. O-O {[%clk 01:33:04]}
{[%emt 00:00:11]} Nc6 {[%clk 01:30:54]} {[%emt 00:00:18]} 8. Nbd2 {[%clk
01:32:55]} {[%emt 00:00:39]} Nxd2 {[%clk 01:30:45]} {[%emt 00:00:38]} 9. Bxd2
{[%clk 01:32:10]} {[%emt 00:01:16]} Bg4 {[%clk 01:30:16]} {[%emt 00:00:57]} 10.
c3 {[%clk 01:32:34]} {[%emt 00:00:07]} O-O {[%clk 01:30:04]} {[%emt 00:00:41]}
11. h3 {[%clk 01:32:29]} {[%emt 00:00:36]} Bh5 {[%clk 01:30:23]} {[%emt
00:00:11]} 12. g3 {[%clk 01:31:49]} {[%emt 00:01:12]} Re8 {[%clk 01:27:36]}
{[%emt 00:03:15]} 13. Kg2 {[%clk 01:29:14]} {[%emt 00:03:06]} Bg6 {[%clk
01:25:12]} {[%emt 00:02:53]} 14. Bxg6 {[%clk 01:28:39]} {[%emt 00:01:06]} hxg6
{[%clk 01:25:24]} {[%emt 00:00:17]} 15. Qc2 {[%clk 01:27:25]} {[%emt 00:01:44]}
Qd7 {[%clk 01:22:53]} {[%emt 00:03:01]} 16. Rae1 {[%clk 01:22:11]} {[%emt
00:05:44]} Bf6 {[%clk 01:17:12]} {[%emt 00:06:11]} 17. h4 {[%clk 01:03:46]}
{[%emt 00:18:55]} Ne7 {[%clk 01:05:04]} {[%emt 00:12:37]} 18. Bf4 {[%clk
00:58:43]} {[%emt 00:05:34]} c6 {[%clk 00:59:55]} {[%emt 00:05:39]} 19. Rh1
{[%clk 00:53:59]} {[%emt 00:05:13]} Nf5 {[%clk 00:56:23]} {[%emt 00:04:27]} 20.
Ne5 {[%clk 00:51:04]} {[%emt 00:04:01]} Bxe5 {[%clk 00:55:42]} {[%emt
00:01:11]} 21. Bxe5 {[%clk 00:46:50]} {[%emt 00:04:44]} f6 {[%clk 00:53:31]}
{[%emt 00:02:40]} 22. Bf4 {[%clk 00:46:26]} {[%emt 00:00:54]} Rxe1 {[%clk
00:53:53]} {[%emt 00:00:08]} 23. Rxe1 {[%clk 00:46:37]} {[%emt 00:00:19]} Re8
{[%clk 00:54:09]} {[%emt 00:00:14]} 24. Qb1 {[%clk 00:35:21]} {[%emt 00:11:47]}
Rxe1 {[%clk 00:54:17]} {[%emt 00:00:22]} 25. Qxe1 {[%clk 00:35:50]} {[%emt
00:00:01]} Kf7 {[%clk 00:53:32]} {[%emt 00:01:14]} 26. Qe2 {[%clk 00:25:58]}
{[%emt 00:10:23]} Qe6 {[%clk 00:52:55]} {[%emt 00:01:07]} 27. Qxe6+ {[%clk
00:24:02]} {[%emt 00:02:25]} Kxe6 {[%clk 00:53:18]} {[%emt 00:00:07]} 28. Kf3
{[%clk 00:17:07]} {[%emt 00:07:25]} Kf7 {[%clk 00:42:49]} {[%emt 00:11:00]} 29.
Ke2 {[%clk 00:15:07]} {[%emt 00:02:30]} Ke6 {[%clk 00:42:54]} {[%emt 00:00:24]}
30. Kd3 {[%clk 00:13:05]} {[%emt 00:02:33]} Nh6 {[%clk 00:38:10]} {[%emt
00:05:14]} 31. b3 {[%clk 00:11:51]} {[%emt 00:01:44]} Nf5 {[%clk 00:33:57]}
{[%emt 00:04:43]} 32. c4 {[%clk 00:10:12]} {[%emt 00:02:09]} Ne7 {[%clk
00:33:15]} {[%emt 00:01:11]} 33. Kc3 {[%clk 00:08:39]} {[%emt 00:02:03]} Nf5
{[%clk 00:33:24]} {[%emt 00:00:21]} 34. a3 {[%clk 00:06:53]} {[%emt 00:02:16]}
Ne7 {[%clk 00:26:45]} {[%emt 00:07:08]} 35. Kb4 {[%clk 00:05:42]} {[%emt
00:01:42]} Kd7 {[%clk 00:20:50]} {[%emt 00:06:25]} 36. Bb8 {[%clk 00:05:29]}
{[%emt 00:00:43]} a6 {[%clk 00:18:31]} {[%emt 00:02:50]} 37. Kc5 {[%clk
00:04:36]} {[%emt 00:01:23]} Ke6 {[%clk 00:12:49]} {[%emt 00:06:12]} 38. Bf4
{[%clk 00:02:30]} {[%emt 00:02:35]} Nc8 {[%clk 00:02:24]} {[%emt 00:10:55]} 39.
cxd5+ {[%clk 00:02:01]} {[%emt 00:00:59]} cxd5 {[%clk 00:02:43]} {[%emt
00:00:11]} 40. a4 {[%clk 00:01:36]} {[%emt 00:00:56]} Ne7 {[%clk 00:01:05]}
{[%emt 00:02:08]} 41. Kb6 {[%clk 00:01:25]} {[%emt 00:00:41]} Nc6 {[%clk
00:01:08]} {[%emt 00:00:26]} 42. Be3 {[%clk 00:01:44]} {[%emt 00:00:12]} Nd8
{[%clk 00:01:03]} {[%emt 00:00:35]} 43. Kc7 {[%clk 00:01:42]} {[%emt 00:00:33]}
Ke7 {[%clk 00:01:23]} {[%emt 00:00:08]} 44. f3 {[%clk 00:00:55]} {[%emt
00:01:17]} Ke8 {[%clk 00:01:48]} {[%emt 00:00:05]} 45. Kd6 {[%clk 00:01:04]}
{[%emt 00:00:21]} Nf7+ {[%clk 00:01:47]} {[%emt 00:00:31]} 46. Kxd5 {[%clk
00:01:23]} {[%emt 00:00:12]} Kd7 {[%clk 00:02:13]} {[%emt 00:00:04]} 47. Kc5
{[%clk 00:00:45]} {[%emt 00:01:07]} Nd6 {[%clk 00:01:10]} {[%emt 00:01:33]} 48.
Kb6 {[%clk 00:00:35]} {[%emt 00:00:40]} Nf5 {[%clk 00:00:54]} {[%emt 00:00:46]}
49. Bf2 {[%clk 00:00:56]} {[%emt 00:00:10]} Kc8 {[%clk 00:01:12]} {[%emt
00:00:12]} 50. d5 {[%clk 00:00:51]} {[%emt 00:00:34]} Ne7 {[%clk 00:00:44]}
{[%emt 00:00:58]} 51. d6 {[%clk 00:00:47]} {[%emt 00:00:35]} Nd5+ {[%clk
00:01:10]} {[%emt 00:00:04]} 52. Kc5 {[%clk 00:00:47]} {[%emt 00:00:28]} Nc3
{[%clk 00:01:35]} {[%emt 00:00:06]} 53. Kc4 {[%clk 00:01:02]} {[%emt 00:00:16]}
Nb1 {[%clk 00:00:45]} {[%emt 00:01:20]} 54. Kd3 {[%clk 00:00:52]} {[%emt
00:00:38]} b5 {[%clk 00:01:00]} {[%emt 00:00:17]} 55. axb5 {[%clk 00:00:45]}
{[%emt 00:00:37]} axb5 {[%clk 00:01:23]} {[%emt 00:00:07]} 56. Bc5 {[%clk
00:01:05]} {[%emt 00:00:10]} 1-0

[Event "Pobeskydi 2026"]
[Site "Frydek-Mistek, Czech Republic"]
[Date "2026.04.05"]
[Round "8.6"]
[White "Trybus, Daniel"]
[Black "Chubar, Vladimir"]
[Result "1-0"]
[TimeControl "90 min+30s/move"]
[WhiteTitle "-"]
[BlackTitle "-"]
[WhiteFideId "21816131"]
[BlackFideId "14101491"]
[WhiteElo "2055"]
[BlackElo "1885"]

1. e4 {[%clk 01:30:56]} {[%emt 02:24:45]} e6 {[%clk 01:27:48]} {[%emt
00:03:12]} 2. d4 {[%clk 01:31:12]} {[%emt 00:00:15]} d5 {[%clk 01:27:54]}
{[%emt 00:00:24]} 3. Nc3 {[%clk 01:31:36]} {[%emt 00:00:07]} dxe4 {[%clk
01:27:15]} {[%emt 00:01:08]} 4. Nxe4 {[%clk 01:31:52]} {[%emt 00:00:12]} Bd7
{[%clk 01:26:21]} {[%emt 00:01:25]} 5. Nf3 {[%clk 01:31:55]} {[%emt 00:00:27]}
Bc6 {[%clk 01:26:27]} {[%emt 00:00:25]} 6. Bd3 {[%clk 01:32:17]} {[%emt
00:00:08]} Nd7 {[%clk 01:26:12]} {[%emt 00:00:45]} 7. Qe2 {[%clk 01:31:09]}
{[%emt 00:01:38]} Be7 {[%clk 01:26:21]} {[%emt 00:00:21]} 8. Nfg5 {[%clk
01:27:52]} {[%emt 00:03:47]} Ngf6 {[%clk 01:24:03]} {[%emt 00:02:47]} 9. Nxf7
{[%clk 01:25:02]} {[%emt 00:03:21]} Kxf7 {[%clk 01:24:16]} {[%emt 00:00:17]} 10.
Ng5+ {[%clk 01:25:28]} {[%emt 00:00:04]} Ke8 {[%clk 01:19:47]} {[%emt
00:04:58]} 11. Nxe6 {[%clk 01:25:23]} {[%emt 00:00:36]} Qc8 {[%clk 01:10:19]}
{[%emt 00:09:58]} 12. Bf4 {[%clk 01:21:59]} {[%emt 00:03:54]} Nb6 {[%clk
00:50:22]} {[%emt 00:20:27]} 13. c4 {[%clk 01:19:00]} {[%emt 00:03:28]} Bd7
{[%clk 00:44:58]} {[%emt 00:05:54]} 14. Nxc7+ {[%clk 01:17:17]} {[%emt
00:02:14]} Kf7 {[%clk 00:44:02]} {[%emt 00:01:25]} 15. c5 {[%clk 01:16:47]}
{[%emt 00:01:01]} Bg4 {[%clk 00:29:47]} {[%emt 00:14:44]} 16. f3 {[%clk
01:15:32]} {[%emt 00:01:45]} Nbd5 {[%clk 00:27:16]} {[%emt 00:03:01]} 17. Nxd5
{[%clk 01:14:49]} {[%emt 00:01:14]} Nxd5 {[%clk 00:18:47]} {[%emt 00:08:59]} 18.
fxg4 {[%clk 01:14:27]} {[%emt 00:00:52]} Bh4+ {[%clk 00:15:15]} {[%emt
00:04:01]} 19. Bg3 {[%clk 01:13:29]} {[%emt 00:01:29]} Bxg3+ {[%clk 00:13:03]}
{[%emt 00:02:42]} 20. hxg3 {[%clk 01:13:55]} {[%emt 00:00:04]} Re8 {[%clk
00:12:06]} {[%emt 00:01:27]} 21. O-O+ {[%clk 01:14:18]} {[%emt 00:00:07]} Kg8
{[%clk 00:12:20]} {[%emt 00:00:16]} 22. Qf3 {[%clk 01:14:44]} {[%emt 00:00:04]}
Ne3 {[%clk 00:09:49]} {[%emt 00:03:01]} 23. Qf7+ {[%clk 01:14:03]} {[%emt
00:01:11]} Kh8 {[%clk 00:10:09]} {[%emt 00:00:10]} 24. Qh5 {[%clk 01:14:16]}
{[%emt 00:00:17]} g6 {[%clk 00:09:15]} {[%emt 00:01:25]} 25. Bxg6 {[%clk
01:14:15]} {[%emt 00:00:31]} Re7 {[%clk 00:09:36]} {[%emt 00:00:08]} 26. Rae1
{[%clk 01:13:53]} {[%emt 00:00:53]} Qd7 {[%clk 00:09:23]} {[%emt 00:00:43]} 27.
Rf4 {[%clk 01:11:47]} {[%emt 00:02:35]} Rg8 {[%clk 00:08:31]} {[%emt 00:01:22]}
28. Bxh7 {[%clk 01:11:25]} {[%emt 00:00:53]} Rxh7 {[%clk 00:07:41]} {[%emt
00:01:19]} 29. Qe5+ {[%clk 01:11:48]} {[%emt 00:00:08]} Rhg7 {[%clk 00:07:29]}
{[%emt 00:00:40]} 30. Rxe3 {[%clk 01:12:14]} {[%emt 00:00:06]} Qc7 {[%clk
00:06:58]} {[%emt 00:01:01]} 31. Qxc7 {[%clk 01:12:26]} {[%emt 00:00:18]} Rxc7
{[%clk 00:07:25]} {[%emt 00:00:02]} 32. Kf2 {[%clk 01:12:49]} {[%emt 00:00:08]}
b6 {[%clk 00:07:43]} {[%emt 00:00:12]} 33. b4 {[%clk 01:13:15]} {[%emt
00:00:04]} a5 {[%clk 00:07:41]} {[%emt 00:00:32]} 34. a3 {[%clk 01:13:41]}
{[%emt 00:00:04]} axb4 {[%clk 00:07:49]} {[%emt 00:00:22]} 35. axb4 {[%clk
01:14:08]} {[%emt 00:00:03]} bxc5 {[%clk 00:08:15]} {[%emt 00:00:05]} 36. dxc5
{[%clk 01:14:32]} {[%emt 00:00:07]} Ra8 {[%clk 00:08:22]} {[%emt 00:00:22]} 37.
Kf3 {[%clk 01:14:56]} {[%emt 00:00:07]} Ra2 {[%clk 00:08:38]} {[%emt 00:00:13]}
38. g5 {[%clk 01:15:21]} {[%emt 00:00:06]} Rg7 {[%clk 00:08:54]} {[%emt
00:00:14]} 39. Kg4 {[%clk 01:15:42]} {[%emt 00:00:08]} Rxg2 {[%clk 00:09:16]}
{[%emt 00:00:09]} 40. b5 {[%clk 01:15:54]} {[%emt 00:00:18]} 1-0